000 00512cam a2200181ua 4500
020 _a0 8039 6685 7
041 _aeng
_h
082 _a028.7537
_bHAR/BE
100 _aHart, Patrica M .
245 _aBecoming a star teacher : practical strategies and inspiration for K-6 teachers /
_cPatrica M Hart.
_hTextual Documents
260 _a :
_bCorwin press inc. ,
_c1997.
300 _a67 ; .
500 _a** Reference
504 _a
700 1 _aRowley, James B .
942 _cBK
999 _c10042
_d10042